书目信息 |
| 题名: |
当美术课程遇到“非遗”
|
|
| 作者: | 张莹莹 著 | |
| 分册: | ||
| 出版信息: | 重庆 西南师范大学出版社 2016.10 |
|
| 页数: | 251页 | |
| 开本: | 25cm | |
| 丛书名: | 新生代美术教育家书系 | |
| 单 册: | ||
| 中图分类: | G633.955.2 | |
| 科图分类: | ||
| 主题词: | 美术课--课堂教学--教学研究--中小学 | |
| 电子资源: | ||
| ISBN: | 978-7-5621-8017-3 | |
| 000 | 01316oam2 2200253 450 | |
| 001 | 4364 | |
| 005 | 20180613142526.72 | |
| 010 | @a978-7-5621-8017-3@b精装@dCNY68.00 | |
| 100 | @a20180412d2016 em y0chiy50 ea | |
| 101 | 0 | @achi |
| 102 | @aCN@b500000 | |
| 105 | @aa z 000yy | |
| 200 | 1 | @a当美术课程遇到“非遗”@9dang mei shu ke cheng yu dao “fei yi ”@e非物质文化遗产进入美术课程资源系统的研究@f张莹莹著 |
| 210 | @a重庆@c西南师范大学出版社@d2016.10 | |
| 215 | @a251页@c图@d25cm | |
| 225 | 1 | @a新生代美术教育家书系@f尹少淳主编 |
| 330 | @a本书从美术课程资源系统的角度,分析“非物质文化遗产” 作为潜在美术课程资源进入美术课程资源系统的困惑和途径。第一章,引入系统理论,将美术课程资源视为一个独立而完整的系统,建构美术课程资源系统理论。第二章,根据美术课程资源系统理论分析“非遗”作为潜在的美术课程资源在进入美术课程资源系统时所存在的问题。第三章,描述潜在美术课程资源进入美术课程资源系统,对“非遗”进入美术课程资源系统的途径进行整体分析。 | |
| 461 | 0 | @12001 @a新生代美术教育家书系 |
| 517 | 1 | @a非物质文化遗产进入美术课程资源系统的研究@9fei wu zhi wen hua yi chan jin ru mei shu ke cheng zi yuan xi tong de yan jiu |
| 606 | 0 | @a美术课@x课堂教学@x教学研究@x中小学 |
| 690 | @aG633.955.2@v5 | |
| 701 | 0 | @a张莹莹@9zhang ying ying@4著 |
| 801 | 0 | @aCN@b91MARC@c20180412 |
| 905 | @aMuseLib@dG633.955.2@e139 | |
| 当美术课程遇到“非遗”:非物质文化遗产进入美术课程资源系统的研究/张莹莹著.-重庆:西南师范大学出版社,2016.10 |
| 251页:图;25cm.-(新生代美术教育家书系/尹少淳主编) |
| ISBN 978-7-5621-8017-3(精装):CNY68.00 |
| 本书从美术课程资源系统的角度,分析“非物质文化遗产” 作为潜在美术课程资源进入美术课程资源系统的困惑和途径。第一章,引入系统理论,将美术课程资源视为一个独立而完整的系统,建构美术课程资源系统理论。第二章,根据美术课程资源系统理论分析“非遗”作为潜在的美术课程资源在进入美术课程资源系统时所存在的问题。第三章,描述潜在美术课程资源进入美术课程资源系统,对“非遗”进入美术课程资源系统的途径进行整体分析。 |
| ● |
| 相关链接 |
|
|
|
|
正题名:当美术课程遇到"非遗"
索取号:G633.955.2/139
 
预约/预借
| 序号 | 登录号 | 条形码 | 馆藏地/架位号 | 状态 | 备注 |
| 1 | 1117178 | 211171783 | 第一样本阅览室/ [索取号:G633.955.2/139] | 在馆 | |
| 2 | 1117179 | 211171792 | 教育系资料室/ [索取号:G633.955.2/139] | 在馆 | |
| 3 | 1117180 | 211171809 | 教育系资料室/ [索取号:G633.955.2/139] | 在馆 | |
| 4 | 1117181 | 211171818 | 教育系资料室/ [索取号:G633.955.2/139] | 在馆 | |
| 5 | 1117182 | 211171827 | 第四借阅区/ [索取号:G633.955.2/139] | 在馆 |